000 00251nam a2200109Ia 4500
008 200302s9999 xx 000 0 und d
100 _aCarles Broto
245 _aNew Bars & Restaurants
260 _bLinksbooks net.
260 _c2010
300 _a237 P.,
999 _c3957
_d3957